000 00628nam a2200229Ia 4500
003 OSt
005 20220923231034.0
006 a|||||r|||| 00| 0
007 ta
008 220922b |||||||| |||| 00| 0 hin d
024 _a355,120
037 _cTextual
040 _aARTS
_cARTS
_bhin
041 _2hin
_ahin
082 _aQ1z7, 152L3
100 _aविश्वबन्धु, ले.
245 0 _aवेद में वेदान्त
246 _aVed mean vedānta
260 _c1973
942 _hQ1z7, 152L3
_cTEXL
_2CC
999 _c388944
_d388944